Habiter la terre : Ecoformation terrestre pour une conscience planétaire (notice n° 1993646)
[ vue normale ]
| 000 -LEADER | |
|---|---|
| fixed length control field | 01085cam a2200169 4500500 |
| 005 - DATE AND TIME OF LATEST TRANSACTION | |
| control field | 20260329044602.0 |
| 041 ## - LANGUAGE CODE | |
| Language code of text/sound track or separate title | fre |
| 042 ## - AUTHENTICATION CODE | |
| Authentication code | dc |
| 100 10 - MAIN ENTRY--PERSONAL NAME | |
| Personal name | Cottereau, Dominique |
| Relator term | author |
| 245 00 - TITLE STATEMENT | |
| Title | Habiter la terre : Ecoformation terrestre pour une conscience planétaire |
| 260 ## - PUBLICATION, DISTRIBUTION, ETC. | |
| Name of publisher, distributor, etc. | L'Harmattan,<br/> |
| Date of publication, distribution, etc. | 2005.<br/> |
| 520 ## - SUMMARY, ETC. | |
| Summary, etc. | Habiter la terre&#8239;! Opération individuelle et collective effectuée par l’humanité depuis des millénaires. Notre génération découvre qu’elle peut la laisser inhabitable pour les générations futures. Apprendre à habiter la terre ressort comme l’objectif unificateur d’une écoformation terrestre, à la portée de chacun et à la grandeur du monde. Ce livre s’inscrit dans l’émergence mondiale d’un mouvement d’écopédagogie planétaire provoquée par la crise généralisée de l’habiter. |
| 700 10 - ADDED ENTRY--PERSONAL NAME | |
| Personal name | Pineau, Gaston |
| Relator term | author |
| 700 10 - ADDED ENTRY--PERSONAL NAME | |
| Personal name | Moneyron, Anne |
| Relator term | author |
| 700 10 - ADDED ENTRY--PERSONAL NAME | |
| Personal name | Bachelart, Dominique |
| Relator term | author |
| 856 41 - ELECTRONIC LOCATION AND ACCESS | |
| Uniform Resource Identifier | <a href="https://shs.cairn.info/habiter-la-terre--9782747582421?lang=fr&redirect-ssocas=7080">https://shs.cairn.info/habiter-la-terre--9782747582421?lang=fr&redirect-ssocas=7080</a> |
Pas d'exemplaire disponible.




Réseaux sociaux